Intelektual kolektif Pierre Bourdieu : sebuah gerakan untuk melawan dominasi
| Main Author: | Mutahir, Arizal |
|---|---|
| Published: |
Bantul, Indonesia:
Kreasi Wacana,
2011.
|
| Subjects: |
| LEADER | 00571cam a2200169 7i4500 | ||
|---|---|---|---|
| 001 | 0000045042 | ||
| 005 | 20130320090000.0 | ||
| 020 | |a 9786028784245 (pbk.) | ||
| 090 | 0 | 0 | |a BF431 |b .M88 2011 |
| 100 | 0 | |a Mutahir, Arizal | |
| 245 | 1 | 0 | |a Intelektual kolektif Pierre Bourdieu : |b sebuah gerakan untuk melawan dominasi |c Arizal Mutahir. |
| 260 | |a Bantul, Indonesia: |b Kreasi Wacana, |c 2011. | ||
| 300 | |a x, 222 p.; |c 21 cm. | ||
| 650 | 0 | 0 | |a Intellect |
| 650 | 0 | 0 | |a Knowledge, Theory of |
| 997 | |a Centre for Graduate Studies | ||
| 999 | |a 0000054014 |b BOK |c OPEN SHELF |e 1st Floor, Bestari Jaya | ||


